| 000 | 00000nam 2200000zi 4500 |
| 001 | 9.939785 |
| 003 | CaOODSP |
| 005 | 20241127112631 |
| 006 | m o d f |
| 007 | cr bn||||||||| |
| 008 | 240625s1971 oncab obt f000 0 eng d |
| 040 | |aCaOODSP|beng|erda|cCaOODSP |
| 041 | 0 |aeng|beng|bfre |
| 043 | |an-cnp-- |
| 045 | |ax7x7 |
| 086 | 1 |aEn57-58/758-1971E-PDF |
| 100 | 1 |aDavies, Alfred F. |q(Alfred Franklin)|eauthor. |
| 245 | 10|aAutomated forecast convective development charts / |cby A.F. Davies = Technique automatisée de cartes de convection à l'usage des prévisionnistes / par A.F. Davies. |
| 246 | 31|aTechnique automatisée de cartes de convection à l'usage des prévisionnistes |
| 264 | 1|aDownsview, Ontario : |bEnvironment Canada, Atmospheric Environment Service, |c1971. |
| 300 | |a1 online resource (20 pages, 2 unnumbered pages) : |billustrations, maps. |
| 336 | |atext|btxt|2rdacontent |
| 337 | |acomputer|bc|2rdamedia |
| 338 | |aonline resource|bcr|2rdacarrier |
| 490 | 1 |aTechnical memoranda, |x0708-2878 ; |vTEC 758 |
| 500 | |aISSN of series supplied from ISSN Portal. |
| 500 | |a"U.D.C. 551·509·313, 551·509·324·1"--Cover. |
| 500 | |a"13 September 1971"--Cover. |
| 500 | |aDigitized edition from print [produced by Environment and Climate Change Canada]. |
| 504 | |aIncludes bibliographical references (page 14). |
| 520 | 3 |a"The performance of an automated technique for the provision of forecast guidance convective development charts over a period of 6 weeks in 1970 is reviewed. The technique is essentially a non-advective model based upon standard forecast tephigram and parcel theory. The chief desirable modification indicated is for the introduction of advection into the model"--Abstract. |
| 546 | |aIncludes abstracts in English and French. |
| 650 | 0|aConvection (Meteorology)|zPrairie Provinces|xForecasting. |
| 650 | 0|aConvective clouds. |
| 650 | 6|aConvection (Météorologie)|zProvinces des Prairies|xPrévision. |
| 650 | 6|aNuages de convection. |
| 655 | 7|aTechnical reports|2lcgft |
| 655 | 7|aRapports techniques|2rvmgf |
| 710 | 1 |aCanada. |bAtmospheric Environment Service, |eissuing body. |
| 830 | #0|aTechnical memoranda (Canada. Atmospheric Environment Service)|vTEC 758.|w(CaOODSP)9.934501 |
| 856 | 40|qPDF|s794 KB|uhttps://publications.gc.ca/collections/collection_2024/eccc/en57/En57-58-758-1971-eng.pdf |